Statistics for Step Brothers Quiz - Difficult

Click here to take the quiz!

General Stats

  • This quiz has been taken 58 times
  • The average score is 5 of 11

Answer Stats

HintAnswer% Correct
Brennan will never call him dad, even if there is A what?fire
94%
How many times has Nancy heard Brennan sing?2
90%
How much money wasn’t enough for wings?20
84%
Dale was dreaming about what circus act?Clown
51%
Dale and his dad are men, and men make their own what?Beef jerky
49%
Where did Brennan used to work?Pet Smart
45%
What will happen if the boys talk to loud at night?Grounded
27%
Who was Brennan dreaming about?Leonard Nimoy
18%
Who did Brennan blaze up with along with John Hopkins?Sloan Kettering
16%
What martial art do they discuss at the dinner table?Kung Fu
14%
What did Dale wrestle to the ground with his bare hands?Giraffe
2%

Score Distribution

Percentile by Number Answered

Percent of People with Each Score

Your Score History

You have not taken this quiz